Promoting growth in sub-saharan africa: learning what works (Record no. 55078)

MARC details
000 -LEADER
fixed length control field 00745nam a2200181 a 4500
008 - FIXED-LENGTH DATA ELEMENTS--GENERAL INFORMATION
fixed length control field 161014s2000 ||||||||||||||||| || u
020 ## - INTERNATIONAL STANDARD BOOK NUMBER
International Standard Book Number 01557759669
050 ## - LIBRARY OF CONGRESS CALL NUMBER
Classification number IMF(08)EI/23
100 ## - MAIN ENTRY--PERSONAL NAME
Personal name Basu, Anupam
245 10 - TITLE STATEMENT
Title Promoting growth in sub-saharan africa: learning what works
Statement of responsibility, etc. By Anupam Basu, Evangelos A. Glamitsis [and] Dhaneshwar Ghura
260 ## - PUBLICATION, DISTRIBUTION, ETC.
Place of publication, distribution, etc. Washington, D. C.
Name of publisher, distributor, etc. International Monetary Fund
Date of publication, distribution, etc. 2000
300 ## - PHYSICAL DESCRIPTION
Extent iii, 13p.
650 ## - SUBJECT ADDED ENTRY--TOPICAL TERM
Topical term or geographic name entry element POLICY IMPLICATIONS
650 ## - SUBJECT ADDED ENTRY--TOPICAL TERM
Topical term or geographic name entry element POLICY REFORMS
650 ## - SUBJECT ADDED ENTRY--TOPICAL TERM
Topical term or geographic name entry element GROWTH FACTORS--SUB SAHARAN AFRICA
650 ## - SUBJECT ADDED ENTRY--TOPICAL TERM
Topical term or geographic name entry element SUB-SAHARAN AFRICA--ECONOMIC POLICIES
995 ## - RECOMMENDATION 995 [LOCAL, UNIMARC FRANCE]
-- CBU-MAIN LIBRARY (Kitwe)
-- 1
-- AVAILABLE
-- Oct 21, 2016
-- International Publications
Holdings
Withdrawn status Lost status Source of classification or shelving scheme Damaged status Not for loan Home library Current library Shelving location Date acquired Total Checkouts Full call number Barcode Date last seen Price effective from Koha item type
          CBU-MAIN LIBRARY, KITWE. CBU-MAIN LIBRARY, KITWE.   11/30/2022   IMF(08)EI/23 B2686 11/30/2022 11/30/2022 MONOGRAPH